000 00478nam a2200157 i 4500
001 104761
003 ES-MaACL
005 20230906183700.0
007 t|
008 051212s1973 sp ||||1| spa d
100 1 _aMira Gutiérrez, José.
_981456
245 1 3 _aEl diagnóstico bioquímico de las microbacterias /
_cJosé Mira Gutiérrez.
260 _aSevilla :
_bUniversidad,
_c1973.
300 _aXVI, 17-236 p., 6 lám. ;
_c24 cm.
852 _aES-MaACL
_jC-54725
_bR.87120
999 _c104761
_d104761